| 000 | 00666nam a22002057a 4500 | ||
|---|---|---|---|
| 003 | OSt | ||
| 005 | 20260114033634.0 | ||
| 008 | 260114b |||||||| |||| 00| 0 eng d | ||
| 020 | _a978-981-4232-46-3. | ||
| 040 |
_aDWCL-Main lib _cOC |
||
| 082 |
_22nd edition _aCirc. 174.9 R463e 2007 |
||
| 100 | _aReynolds, George W. | ||
| 245 |
_aEthics in information technology 2nd ed. _cReynolds, George W. |
||
| 260 |
_aSingapore : _bThomson Learning Asia, _cc2007. |
||
| 300 |
_axvii, 350 pages ; _c23 cm. |
||
| 504 | _aIncludes index. | ||
| 650 | _21. Business Ethics. | ||
| 650 | _22. Information technology-Moral and ethical aspects. | ||
| 942 |
_2ddc _cBK-CIRC _kCirc. _n0 |
||
| 999 |
_c7366 _d7366 |
||